000 01273nam a2200385Ia 4500
005 20241119101927.0
008 130821s2008 ck gr spa
020 _a9789584439024
020 _a9789584952684
040 _aCo-BoUCM
_bspa
_cDavid Moreno (modificó)
_dDavid Moreno (modificó)
041 0 0 _aspa
060 0 0 _aWB 143
100 1 _aFierro, Marco
_9154570
245 1 0 _aSemiología del psiquismo
_cMarco Fierro
250 _a4a. Ed
260 _aBogotá (Colombia)
_bKimpres Ltda.
_c2022
300 _a274 Páginas
504 _aIncluye referencias bibliográficas
650 1 4 _aPsiquiatría
_98004
650 1 4 _aPsicopatología
_922865
650 1 4 _aSalud mental
_923947
650 1 4 _aEnfermedades mentales
_914424
650 1 4 _aTrastornos mentales
_925786
650 1 4 _aTrastornos de la personalidad
_925760
650 1 4 _aEsquizofrenia
_914962
650 1 4 _aConducta (Psicología)
_911512
650 1 4 _aConductismo (Psicología)
_911546
650 1 4 _aPsicología -- Diagnóstico
_9183801
650 1 4 _aSemiología
_924178
650 1 4 _aMente y cuerpo
_919302
650 1 4 _aAfecto (Psicología)
_98665
650 1 4 _aDesarrollo de la inteligencia
_912941
650 1 4 _aPercepción
_9327
942 _cLIBRO
_a15
_e4
_mF465s
_2NLM
_hWB 143
_n0
999 _c57688
_d57688